000 00452nam a22001817a 4500
003 CEME
005 20210628201653.0
008 210201b xxu||||| |||| 00| 0 eng d
020 _a1-84135-170-9
040 _c.
082 _a823.008 BLY
100 _aBlyton, Enid
_911689
245 _aThe ragamuffin mystery
260 _aNEW YORK
_bAWARD PUBLICATION
_c2003
300 _a190P
650 _aENGLISH LITERATURE-STORIES
_956277
942 _cBK
_2ddc
999 _c566743
_d566743